000 00564nam a2200205Ia 4500
005 20250326142328.0
008 250326s9999 xx 000 0 und d
020 _a0-07-100507-2
037 _aTextbook
040 _aFMSL
_beng
_cFMSL
041 _aeng
_2eng
084 _aX:74 M8;14
_qFMSL
100 _aJauch L R
_9737272
245 0 _aBusiness policy and strategic
_cJauch L R; Glueck W F
250 _a5
260 _aNew York
_bNew York, NY , McGraw Hill
_c1995
300 _a959p
942 _cTB
_hX:74 M8;14
999 _c1294502
_d1294502